Sai Baba of Shirdi (Record no. 18149)

MARC details
000 -LEADER
fixed length control field 00568nam a2200229 a 4500
020 ## - INTERNATIONAL STANDARD BOOK NUMBER
ISBN 8172249
082 00 - DEWEY DECIMAL CLASSIFICATION NUMBER
Classification number 291.561
Author Cutter KAM
100 ## - MAIN ENTRY--AUTHOR NAME
Author name Kamath, M V
245 ## - TITLE STATEMENT
Title Sai Baba of Shirdi
Sub title a Unique Saint.
260 ## - PUBLICATION, DISTRIBUTION, ETC. (IMPRINT)
Place of publication Mumbai
Name of publisher Jaico Pub.House
Year of publication 1991
300 ## - PHYSICAL DESCRIPTION
Number of Pages 328p
500 ## - GENERAL NOTE
General note includes index and biblioraphy
505 2# - FORMATTED CONTENTS NOTE
Formatted contents note Index
650 ## - SUBJECT ADDED ENTRY--TOPICAL TERM
Topical Term Hindu Saints-Sai Baba
942 ## - ADDED ENTRY ELEMENTS (KOHA)
Koha item type Books
Holdings
Collection code Home library Current library Date acquired Cost, normal purchase price Full call number Accession Number Koha item type
  Henry Martyn Institute Library Henry Martyn Institute Library 07/19/2007 125.00 291.561 KAM 11001143 Books
                   Copyright © 2026 | Henry Martyn Institute | Hyderabad | TS-500052 | INDIA | Implemented by hmi.edu.in
Hit-Count:

Powered by Koha